Missing Word: Interstellar Actors Quiz Stats

 Plays Quiz Updated Nov 18, 2014

Challenge
Share
Tweet
Embed
Score 0/16 Timer 03:00
0 Plays Today
Hint Answer % Correct
Anne HathawayDevil
97.7%
Anne HathawayMountain
97%
Matthew McConaugheyWedding
96.6%
Anne HathawayDiaries
92.1%
Jessica ChastainDark
84.2%
Matthew McConaugheyDallas
83.4%
Jessica ChastainLife
79.3%
Michael CaineCider
77.9%
Hint Answer % Correct
Michael CaineSisters
64.1%
Matthew McConaugheyLawyer
62.8%
Matthew McConaugheyMarshall
58.7%
Anne HathawayDrugs
56.7%
Jessica ChastainKilling
37.8%
Michael CaineEducating
36.8%
Jessica ChastainEurope's
25.8%
Michael CaineAmerican
25.1%

Today's Daily Dose

You're not logged in!

Compare scores with friends on all Sporcle quizzes.
OR
Log In

You Might Also Like...

Show Comments

Extras

Top Quizzes Today


Score Distribution

Your Account Isn't Verified!

In order to create a playlist on Sporcle, you need to verify the email address you used during registration. Go to your Sporcle Settings to finish the process.

Report this User

Report this user for behavior that violates our Community Guidelines.

Details: